| 000 | 00647nam a22001695i 4500 | ||
|---|---|---|---|
| 001 | 161157 | ||
| 003 | ES-MaACL | ||
| 005 | 20230906212214.0 | ||
| 008 | 041019s1896 xxua |||| | eng d | ||
| 040 |
_aCAM _bspa _cCAM |
||
| 100 | 1 |
_aOtis, James. _9130742 |
|
| 245 | 1 | 0 |
_aTeddy and Carrots _b: two merchants of newspaper row / _cby James Otis; illustrated by W.A. Rogers. |
| 260 |
_aBoston : _bEstes and Lauriat publishers, _ccop. 1896 ( _fColonial Press, C.H. Simonds & co.) |
||
| 300 |
_a225 p. : _bil. ; _c20 cm. |
||
| 700 | 1 | 1 |
_aRogers, W.A., _eil. _9131989 |
| 852 |
_aES-MaACL _jD-2863 _z-- Enc. editorial en tela _z-- Legado M. de la Fuente |
||
| 999 |
_c161157 _d161157 |
||